Bilecik Bilecik Bilecik Bilecik Bilecik

İngiliz belgelerinde Atatürk (1919-1938) : (Record no. 5586)

MARC details
000 -BAŞLIK
Sabit Uzunluktaki Kontrol Alanı 01574nam a22004217a 4500
001 - KONTROL NUMARASI
Control Dosyası 0005605
003 - KONTROL NUMARASI KİMLİĞİ
Kontrol Alanı KOHA_MİRAKIL
005 - EN SON İŞLEM TARİHİ ve ZAMANI
Kontrol Alanı 20260207001451.0
007 - FİZİKSEL TANIM SABİT ALAN - GENEL BİLGİ
Sabit uzunluklu kontrol alanı ta
008 - SABİT UZUNLUKTAKİ VERİ ÖGELERİ - GENEL BİLGİ
Sabit Alan 090617b1973 tu |||gr||||#0|||0|tur |
020 ## - ISBN - ULUSLARARASI STANDART KİTAP NUMARASI
Kullanılabilirlik koşulları 0,01
040 ## - KATALOGLAMA KAYNAĞI
Özgün Kataloglama Kurumu TR-BiSEU
Kataloglama Dili tur
Çeviri Kurumu TR-BiSEU
Açıklama Kuralları rda
041 0# - DİL KODU
Metin ya da ses kaydının dil kodu tur
044 ## - YAYINLAYAN/ÜRETEN KURULUŞUN ÜLKE KODU
ISO country code tu
050 ## - SINIFLAMA ve YER NUMARASI
Sınıflama Numarası DR592
Yer Numarası .I54 1973
245 0# - ESER ADI BİLDİRİMİ
Başlık İngiliz belgelerinde Atatürk (1919-1938) :
Alt Eseradı vb. Nisan 1919-Mart 1920= British documents on Atatürk (1919-1938) :
-- April 1919-March 1920/
Sorumluluk Bildirimi editör Bilal N. Şimşir.
264 #1 - ÜRERİM, YAYIN, DAĞITIM ve TELİF BİLDİRİMİ
Yayın yeri Ankara :
Yayınlayan Atatürk Kültür, Dil ve Tarih Yüksek Kurumu Türk Tarih Kurumu, 1973.
Yayın tarihi 1973
300 ## - FİZİKSEL TANIMLAMA
Sayfa, Cilt vb. c., 502 sayfa
336 ## - İÇERİK TÜRÜ
Content type term metin
Content type code txt
Source rdacontent
337 ## - MEDYA TÜRÜ
Media type term aracısız
Media type code n
Source rdamedia
338 ## - TAŞIYICI TÜRÜ
Carrier type term cilt
Carrier type code nc
Source rdacarrier
490 1# - DİZİ BİLDİRİMİ
Dizi Bildirimi Atatürk Kültür, Dil ve Tarih Yüksek Kurumu Türk Tarih Kurumu Yayınlarından ;
Cilt Numarası XVI.Seri, Sa.15.
500 ## - GENEL NOT
Genel Not Kaynakça ve dizin var.
500 ## - GENEL NOT
Genel Not Türkçe-İngilizce metin var.
500 ## - GENEL NOT
Genel Not c.1 Nisan 1919-Mart 1920
500 ## - GENEL NOT
Genel Not c.2 Nisan-Aralık 1920
500 ## - GENEL NOT
Genel Not c.3 Ocak- Eylül 1921
500 ## - GENEL NOT
Genel Not c.4 Ekim 1921- Ekim 1922
500 ## - GENEL NOT
Genel Not c.5 Ekim 1922-Aralık 1925
500 ## - GENEL NOT
Genel Not c.6 Ocak 1926- Aralık 1929
500 ## - GENEL NOT
Genel Not c.7 1930-1933
500 ## - GENEL NOT
Genel Not c.8 1934-1939
650 #0 - KONU BAŞLIĞI EK GİRİŞ - KONU TERİMİ
Konusal terim veya coğrafi ad Atatürk, Kemal, 1881-1938.
9 (RLIN) 8676
650 #0 - KONU BAŞLIĞI EK GİRİŞ - KONU TERİMİ
Konusal terim veya coğrafi ad Turkey--Politics and Government 1918-1938--Sources.
9 (RLIN) 13531
830 1# - SERİ EK GİRİŞİ - TEKBİÇİM ESER ADI
Tekbiçim Başlık Atatürk Kültür, Dil ve Tarih Yüksek Kurumu Türk Tarih Kurumu Yayınlarından ;
Volume number/sequential designation XVI.Seri, Sa.15.
9 (RLIN) 13532
907 ## - LOCAL DATA ELEMENT G, LDG (RLIN)
a Tarih
942 ## - EK GİRİŞ ÖGELERİ (KOHA)
Source of classification or shelving scheme Library of Congress Classification
Koha item type Book
Holdings
Materyal Türü Kalıcı Konum Mevcut Konum Raf Yeri Koleksiyon Kodu Sınıflandırma Kaynağı Edinim Bilgisi Ana Konular Alt Konular Yer Numarası Cilt Bilgisi Demirbaş Numarası Fatura Tarihi Geri Çekilme Durumu Kayıp Durumu Hasarlı Durumu Kredi için değil Kayıt Tarih Toplam Ödünçverme Son Görülme Tarihi Son Kontrol Tarihi Genel / Bağış Notu
Danışma Kaynakları Prof. Dr. Azmi Özcan Kütüphanesi Prof. Dr. Azmi Özcan Kütüphanesi Uluğbey Salonu Referans Library of Congress Classification Bağış DÜNYA TARİHİ (AVRUPA, ASYA, AFRİKA VB.) Balkan Yarımadası DR592 .I54 1973 c.1 0005605 13/08/2010       Ödünç verilmez 17/06/2009 2 05/12/2024 05/12/2024 YÖK Tez Merkezi